|
|
|
|
| LEADER |
00000cam a2200000 c 4500 |
| 001 |
1082756652 |
| 003 |
DE-627 |
| 005 |
20250627094530.0 |
| 007 |
tu |
| 008 |
870506s1986 sz ||||| 00| ||eng c |
| 035 |
|
|
|a (DE-627)1082756652
|
| 035 |
|
|
|a (DE-576)012756652
|
| 035 |
|
|
|a (DE-599)BSZ012756652
|
| 035 |
|
|
|a (OCoLC)241665046
|
| 035 |
|
|
|a (OCoLC)1078704930
|
| 035 |
|
|
|a (DE-604)8005497930
|
| 040 |
|
|
|a DE-627
|b ger
|c DE-627
|e rakwb
|
| 041 |
|
|
|a eng
|
| 044 |
|
|
|c XA-CH
|
| 050 |
|
0 |
|a DC727
|
| 082 |
0 |
|
|a 944/.36
|
| 084 |
|
|
|a 1
|2 ssgn
|
| 084 |
|
|
|a NR 8720
|2 rvk
|0 (DE-625)rvk/130128:
|
| 100 |
1 |
|
|0 (DE-627)1234303353
|0 (DE-576)164303359
|4 aut
|a Bryant, Lawrence M.
|
| 109 |
|
|
|a Bryant, Lawrence M.
|a Bryant, Lawrence MacBride
|a Mc Bride Bryant, Lawrence
|a Bryant, Lawrence Mc Bride
|a Bryant, Lawrence McBride
|a McBride Bryant, Lawrence
|a MacBride Bryant, Lawrence
|
| 245 |
1 |
4 |
|a The king and the city in the Parisian royal entry ceremony
|b politics, ritual, and art in the Renaissance
|c Lawrence M. Bryant
|
| 264 |
|
1 |
|a Genève
|b Droz
|c 1986
|
| 300 |
|
|
|a 310 S.
|b Ill.
|e 2 Baugrundkt.
|
| 336 |
|
|
|a Text
|b txt
|2 rdacontent
|
| 337 |
|
|
|a ohne Hilfsmittel zu benutzen
|b n
|2 rdamedia
|
| 338 |
|
|
|a Band
|b nc
|2 rdacarrier
|
| 490 |
1 |
|
|a Travaux d'humanisme et renaissance
|v 216
|
| 510 |
3 |
|
|a Bryant, Parisian Entry, 1986
|
| 583 |
1 |
|
|a Archivierung/Langzeitarchivierung gewährleistet
|f SSG
|x XA-DE-BW
|2 pdager
|5 DE-21
|
| 601 |
|
|
|a Renaissance
|
| 650 |
|
0 |
|a Rites and ceremonies
|z France
|z Paris
|x History
|y 16th century
|
| 650 |
|
0 |
|a Processions
|z France
|z Paris
|x History
|y 16th century
|
| 650 |
|
0 |
|a Monarchy
|z France
|x History
|y 16th century
|
| 650 |
|
0 |
|a Renaissance
|z France
|
| 689 |
0 |
0 |
|d g
|0 (DE-588)4044660-8
|0 (DE-627)106204734
|0 (DE-576)209061790
|2 gnd
|a Paris
|
| 689 |
0 |
1 |
|d s
|0 (DE-588)4031516-2
|0 (DE-627)106265229
|0 (DE-576)20899291X
|2 gnd
|a König
|
| 689 |
0 |
2 |
|d s
|0 (DE-588)4301833-6
|0 (DE-627)121591468
|0 (DE-576)211043303
|2 gnd
|a Einzug
|
| 689 |
0 |
3 |
|q z
|2 gnd
|a Geschichte 1350-1594
|
| 689 |
0 |
|
|5 (DE-627)
|
| 689 |
1 |
0 |
|d g
|0 (DE-588)4044660-8
|0 (DE-627)106204734
|0 (DE-576)209061790
|2 gnd
|a Paris
|
| 689 |
1 |
1 |
|d s
|0 (DE-588)4164396-3
|0 (DE-627)105447773
|0 (DE-576)209888326
|2 gnd
|a Königskrönung
|
| 689 |
1 |
2 |
|q z
|2 gnd
|a Geschichte 1350-1549
|
| 689 |
1 |
|
|5 (DE-627)
|
| 689 |
2 |
0 |
|d g
|0 (DE-588)4018145-5
|0 (DE-627)106327232
|0 (DE-576)208922857
|2 gnd
|a Frankreich
|
| 689 |
2 |
1 |
|d s
|0 (DE-588)4164396-3
|0 (DE-627)105447773
|0 (DE-576)209888326
|2 gnd
|a Königskrönung
|
| 689 |
2 |
2 |
|d g
|0 (DE-588)4044660-8
|0 (DE-627)106204734
|0 (DE-576)209061790
|2 gnd
|a Paris
|
| 689 |
2 |
3 |
|q z
|2 gnd
|a Geschichte 1350-1549
|
| 689 |
2 |
|
|5 (DE-627)
|
| 689 |
3 |
0 |
|d g
|0 (DE-588)4044660-8
|0 (DE-627)106204734
|0 (DE-576)209061790
|2 gnd
|a Paris
|
| 689 |
3 |
1 |
|d s
|0 (DE-588)4031516-2
|0 (DE-627)106265229
|0 (DE-576)20899291X
|2 gnd
|a König
|
| 689 |
3 |
2 |
|d s
|0 (DE-588)4159649-3
|0 (DE-627)105483761
|0 (DE-576)209851910
|2 gnd
|a Adventus
|
| 689 |
3 |
3 |
|q z
|2 gnd
|a Geschichte 1450-1600
|
| 689 |
3 |
|
|5 (DE-627)
|
| 787 |
0 |
8 |
|i Rezensiert in
|a Zanger, Abby E.
|t [Rezension von: Bryant, Lawrence M., The King and the City in the Parisian Royal Entry Ceremony: Politics, Ritual, and Art in the Renaissance]
|d 1989
|w (DE-627)1802329153
|
| 830 |
|
0 |
|a Travaux d'humanisme et renaissance
|v 216
|9 216
|w (DE-627)129314781
|w (DE-576)014533138
|w (DE-600)128401-0
|x 0082-6081
|7 am
|
| 889 |
|
|
|w (DE-627)027442152
|
| 889 |
|
|
|w (DE-627)040253619
|
| 889 |
|
|
|w (DE-627)272039578
|
| 935 |
|
|
|e Bryant, Parisian Entry, 1986
|f b
|
| 935 |
|
|
|i mdedup
|
| 936 |
r |
v |
|a NR 8720
|b Paris
|k Geschichte
|k Landes- und Stadtgeschichte (Allgemeine, Deutsche und Österreichische Landes- und Stadtgeschichte, Ausländische Stadtgeschichte, Geschichte der Auslanddeutschen)
|k Geschichte ausländischer Städte
|k Europäische Städte
|k Städte P
|k Paris
|0 (DE-627)1271492253
|0 (DE-625)rvk/130128:
|0 (DE-576)201492253
|
| 951 |
|
|
|a BO
|
| ELC |
|
|
|b 1
|
| ITA |
|
|
|a 1
|t 1
|
| LOK |
|
|
|0 000 xxxxxcx a22 zn 4500
|
| LOK |
|
|
|0 001 2096901472
|
| LOK |
|
|
|0 003 DE-627
|
| LOK |
|
|
|0 004 1082756652
|
| LOK |
|
|
|0 005 19940124000000
|
| LOK |
|
|
|0 008 940124||||||||||||||||ger|||||||
|
| LOK |
|
|
|0 040
|a DE-21
|c DE-627
|d DE-21
|
| LOK |
|
|
|0 852
|a DE-21
|
| LOK |
|
|
|0 852 1
|c 27 A 3514
|9 00
|
| LOK |
|
|
|0 935
|a konv
|
| LOK |
|
|
|0 939
|a 24-01-94
|b l01
|
| ORI |
|
|
|a SA-MARC-ixtheoa001.raw
|
| REL |
|
|
|a 1
|
| STA |
0 |
0 |
|a Adventus regis,Reception of the ruler,Ruler,Entry,France,France,France,France,France,France,Northern France,Southern France,Occitania,Western France,Northeastern France,Eastern France,King,King,Monarchy,Kings and rulers in art,Paris,Renaissance,Renaissance,History,Royal coronation,King,Coronation
|
| STB |
0 |
0 |
|a Adventus,Couronnement royal,Entrée,Paris,Renaissance,Renaissance,Roi,Roi
|
| STC |
0 |
0 |
|a Adventus,Coronación real,Entrada,París,Renacimiento,Renacimiento,Rey,Rey,Reyes y soberanos,Reyes y soberanos
|
| STD |
0 |
0 |
|a Adventus,Incoronazione reale,Incoronazione di un monarca,Incoronazione di un monarca,Ingresso trionfale,Entrata,Entrata,Parigi,Re,Re,Rinascimento,Rinascimento
|
| STE |
0 |
0 |
|a 君王来临,君王驾临,君王来临,君王的加冕,国王的加冕,巴黎,王,君王,国王,迁入,搬入
|
| STF |
0 |
0 |
|a 君王來臨,君王駕臨,君王來臨,君王的加冕,國王的加冕,巴黎,文艺复兴,王,君王,國王,遷入,搬入
|
| STG |
0 |
0 |
|a Adventus,Coroação real,Entrada,Paris,Rei,Rei,Renascimento,Renascimento
|
| STH |
0 |
0 |
|a Вступление,Въезд,Король (мотив),Король,Коронование короля,Париж (мотив),Ренессанс (мотив),Ренессанс,Торжественная встреча
|
| STI |
0 |
0 |
|a Άφιξη,Αναγέννηση (μοτίβο),Αναγέννηση,Βασιλιάς (μοτίβο),Βασιλιάς,Είσοδος,Παρίσι (μοτίβο),Στέψη
|
| SUB |
|
|
|a REL
|
| SYG |
0 |
0 |
|a Paris- Arrondissement du Luxembourg,Paris-Luxembourg,VIe Arrondissement de Paris,6e Arrondissement de Paris,Paris- Arrondissement du Panthéon,Paris-Panthéon,Paris- Arrondissement de l'Hôtel de Ville,Paris- l'Hôtel de Ville,Lutetia,Lutecia,Lutetia Parisiorum,Parisia,Pa-li,Ville de Paris,P'ariz,Paryžius,Paříž,Bārīs,Bali,Pariž,Parigi,Parijs,Lutitia,Parisius,Lutèce,Commune de Paris,Parisii,Parrhisius,Loticia Parisiorum,Ville de Paris,Lutetia , Königtum,Krone , Einritt,Entrée solennelle , Paris- Arrondissement du Luxembourg,Paris-Luxembourg,VIe Arrondissement de Paris,6e Arrondissement de Paris,Paris- Arrondissement du Panthéon,Paris-Panthéon,Paris- Arrondissement de l'Hôtel de Ville,Paris- l'Hôtel de Ville,Lutetia,Lutecia,Lutetia Parisiorum,Parisia,Pa-li,Ville de Paris,P'ariz,Paryžius,Paříž,Bārīs,Bali,Pariž,Parigi,Parijs,Lutitia,Parisius,Lutèce,Commune de Paris,Parisii,Parrhisius,Loticia Parisiorum,Ville de Paris,Lutetia , König , France , France,La France,République Française,France,Francija,Französische Republik,Empire Français,République Française,France,Royaume Français,Fränkische Republik,Frankreich,Frankreich,Ṣārfat,Repubblica Francese , König , Paris- Arrondissement du Luxembourg,Paris-Luxembourg,VIe Arrondissement de Paris,6e Arrondissement de Paris,Paris- Arrondissement du Panthéon,Paris-Panthéon,Paris- Arrondissement de l'Hôtel de Ville,Paris- l'Hôtel de Ville,Lutetia,Lutecia,Lutetia Parisiorum,Parisia,Pa-li,Ville de Paris,P'ariz,Paryžius,Paříž,Bārīs,Bali,Pariž,Parigi,Parijs,Lutitia,Parisius,Lutèce,Commune de Paris,Parisii,Parrhisius,Loticia Parisiorum,Ville de Paris,Lutetia , Paris- Arrondissement du Luxembourg,Paris-Luxembourg,VIe Arrondissement de Paris,6e Arrondissement de Paris,Paris- Arrondissement du Panthéon,Paris-Panthéon,Paris- Arrondissement de l'Hôtel de Ville,Paris- l'Hôtel de Ville,Lutetia,Lutecia,Lutetia Parisiorum,Parisia,Pa-li,Ville de Paris,P'ariz,Paryžius,Paříž,Bārīs,Bali,Pariž,Parigi,Parijs,Lutitia,Parisius,Lutèce,Commune de Paris,Parisii,Parrhisius,Loticia Parisiorum,Ville de Paris,Lutetia , Königtum,Krone , Herrscherempfang,Herrscheradventus,Empfang,Adventus regis,Adventus principis
|
| TIM |
|
|
|a 100013500101_100015941231
|b Geschichte 1350-1594
|